| 000 | 00470nam a2200181Ia 4500 | ||
|---|---|---|---|
| 001 | 13363 | ||
| 005 | 20260306164755.0 | ||
| 008 | 260306t1999||||xx |||||||||||||| ||spa|| | ||
| 041 | _aESP | ||
| 082 |
_a001.4203 _bF25 |
||
| 100 |
_aFarro Custodio, Francisco [1933-...] _eAUT |
||
| 245 | 0 | _aTerminología básica de la investigación científica | |
| 260 | _c1999 | ||
| 300 |
_a95 páginas : _c20 cm. |
||
| 650 | _aGEN | ||
| 654 | _aCHU | ||
| 942 |
_cLIB _dJUS _fJUS _2ddc _n |
||
| 999 |
_c13363 _d13363 |
||